[Event "Detroit op"]
[Site "Detroit"]
[Date "2002.05.25"]
[Round "2"]
[White "Culverson, Javin"]
[Black "Rayon, Shawn"]
[Result "0-1"]
[WhiteElo "1143"]
[BlackElo "1473"]
[PlyCount "46"]
[EventDate "2002.05.25"]
[EventType "swiss"]
[EventRounds "5"]
[EventCountry "USA"]
[SourceTitle "EXT 2007"]
[Source "ChessBase"]
[SourceDate "2006.11.23"]
[SourceVersion "1"]
[SourceVersionDate "2006.11.23"]
[SourceQuality "1"]

1. e4 e5 2. Nf3 Nc6 3. Bc4 Bc5 4. c3 Nf6 5. d4 exd4 6. e5 d5 7. Bb5 Ne4 8. cxd4 Bb6 9. Nc3 0-0 10. Bxc6 bxc6 11. Nxe4 dxe4 12. Ng5 Qxd4 13. 0-0 Qxe5 14. Qh5 h6 15. h4 hxg5 16. hxg5 Ba6 17. Rd1 Qg3 18. Rd7 Bxf2+ 19. Kh1 Bf1 20. Qh2 Qxh2+ 21. Kxh2 Kh7 22. Bf4 Rh8 23. Kh3 Kg6+ 0-1

[Event "Detroit op"]
[Site "Detroit"]
[Date "2002.05.25"]
[Round "5"]
[White "Dolin, Jack"]
[Black "Rayon, Shawn"]
[Result "1/2-1/2"]
[WhiteElo "1414"]
[BlackElo "1473"]
[PlyCount "57"]
[EventDate "2002.05.25"]
[EventType "swiss"]
[EventRounds "5"]
[EventCountry "USA"]
[SourceTitle "EXT 2007"]
[Source "ChessBase"]
[SourceDate "2006.11.23"]
[SourceVersion "1"]
[SourceVersionDate "2006.11.23"]
[SourceQuality "1"]

1. d4 d5 2. Nf3 Nf6 3. c4 dxc4 4. a4 Bf5 5. Nc3 e6 6. Bg5 Nbd7 7. e3 h6 8. Bf4 Bb4 9. Bxc4 0-0 10. 0-0 Nb6 11. Qb3 a5 12. Ne5 Nxc4 13. Qxc4 Ne4 14. Nxe4 Bxe4 15. Rfc1 Rc8 16. Nd3 Qf6 17. Nxb4 axb4 18. Bxc7 Qe7 19. Qc5 Qf6 20. Qe5 Qg6 21. Qg3 Qf5 22. Be5 f6 23. Bd6 Rfe8 24. Bxb4 e5 25. Rc3 exd4 26. exd4 Bc6 27. Qd3 Qxd3 28. Rxd3 Bxa4 29. Re3 1/2-1/2